NBA All Time Leaders In Rebounds Per Game - Statistics

General Stats
  • This quiz has been taken 2,129 times
  • The average score is 13 of 30
Answer Stats
Rank RPG Player % Correct
1 22.9 Wilt Chamberlain
97%
2 22.5 Bill Russell
92%
28 10.9 Shaquille O'Neal
83%
26 11.1 Hakeem Olajuwon
77%
25 11.2 Kareem Abdul-Jabbar
75%
11 13.1 Dennis Rodman
74%
30 10.6 David Robinson
68%
21 11.3 Tim Duncan
67%
16 12.2 Moses Malone
65%
12 13.0 Dwight Howard
58%
20 11.7 Charles Barkley
49%
6 14.0 Wes Unseld
49%
17 12.1 Dolph Schayes
46%
3 16.2 Bob Pettit
45%
15 12.5 Elvin Hayes
43%
7 13.7 Walt Bellamy
43%
10 13.4 George Mikan
40%
13 12.9 Willis Reed
34%
9 13.5 Elgin Baylor
31%
24 11.2 Johnny Kerr
30%
5 15.0 Nate Thurmond
27%
8 13.6 Dave Cowens
25%
14 12.7 Gus Johnson
20%
4 15.6 Jerry Lucas
18%
27 11.0 Dave DeBusschere
9%
18 11.9 Bill Bridges
8%
23 11.3 Neil Johnston
5%
19 11.9 Harry Gallatin
2%
29 10.8 Swen Nater
2%
22 11.3 Walter Dukes
1%
No matching quizzes found
Score Distribution
Percent of People with Each Score
Percentile by Number Answered
Your Score History
You have not taken this quiz